JoBlo's Top 25 Hotties of 2014 - Statistics

General Stats
  • This quiz has been taken 4 times
  • The average score is 4 of 25
Answer Stats
# Name % Correct
3 Jennifer Lawrence
100%
8 Kate Upton
67%
1 Alexandra Daddario
33%
5 Emily Ratajkowski
33%
10 Emma Stone
33%
18 Jessica Alba
33%
6 Jessica Chastain
33%
21 Olivia Wilde
33%
7 Scarlett Johansson
33%
12 Selena Gomez
33%
25 Ariana Grande
0%
20 Barbara Palvin
0%
17 Emmy Rossum
0%
2 Eva Green
0%
9 Gemma Arterton
0%
22 Kaley Cuoco
0%
11 Karen Gillan
0%
14 Kelly Brook
0%
4 Lauren Cohan
0%
23 Lizzy Caplan
0%
19 Maria Menounos
0%
15 Megan Fox
0%
24 Rosamund Pike
0%
13 Sara Malakul Lane
0%
16 Victoria Justice
0%
No matching quizzes found
Score Distribution
Percent of People with Each Score
Percentile by Number Answered
Your Score History
You have not taken this quiz